[Event "Wuerttemberg-ch U16/18 Girls"]
[Site "Friedrichshafen"]
[Date "2005.03.31"]
[Round "5"]
[White "Kern, Michaela"]
[Black "Encz, Ramona"]
[Result "1/2-1/2"]
[WhiteElo "966"]
[BlackElo "1005"]
[PlyCount "27"]
[EventDate "2005.03.29"]
[EventType "swiss"]
[EventRounds "7"]
[EventCountry "GER"]
[SourceTitle "EXT 2007"]
[Source "ChessBase"]
[SourceDate "2006.11.23"]
[SourceVersion "1"]
[SourceVersionDate "2006.11.23"]
[SourceQuality "1"]

1. d4 d5 2. e3 Nf6 3. Nf3 Bg4 4. c4 e6 5. Nc3 Bb4 6. Bd2 0-0 7. a3 Bxc3 8. Bxc3 Nc6 9. cxd5 exd5 10. Be2 Ne4 11. h3 Nxc3 12. bxc3 Bh5 13. 0-0 Bxf3 14. Bxf3 1/2-1/2

[Event "Wuertemberg-ch U16/18 Girls"]
[Site "Germany"]
[Date "2004.04.17"]
[Round "7"]
[White "Eisele, Marlene"]
[Black "Encz, Ramona"]
[Result "1/2-1/2"]
[WhiteElo "1276"]
[BlackElo "814"]
[PlyCount "121"]
[EventDate "2004.04.??"]
[EventType "swiss"]
[EventRounds "7"]
[EventCountry "GER"]
[SourceTitle "EXT 2005"]
[Source "ChessBase"]
[SourceDate "2004.11.15"]
[SourceVersion "1"]
[SourceVersionDate "2004.11.15"]
[SourceQuality "1"]

1. e4 e5 2. Nf3 Nc6 3. Nc3 Bc5 4. Bc4 d6 5. h3 Nf6 6. d3 h6 7. 0-0 0-0 8. Be3 Bxe3 9. fxe3 a6 10. a3 Be6 11. Nd5 Na5 12. Ba2 Nxd5 13. exd5 Bf5 14. b4 Nc6 15. dxc6 bxc6 16. e4 Bg6 17. c4 Bh5 18. Qe1 Rb8 19. Rb1 Qd7 20. Qd2 c5 21. bxc5 Rxb1 22. Bxb1 dxc5 23. Nxe5 Qd4+ 24. Qf2 Qxe5 25. Qd2 Rd8 26. Rf5 Qd4+ 27. Kh1 Bg6 28. Rf3 Bxe4 29. Rf4 Qa1 30. Rxe4 Qxb1+ 31. Kh2 Rxd3 32. Qf4 Rxa3 33. Re8+ Kh7 34. Qxc7 Qg6 35. Qb8 Qg5 36. Qb1+ g6 37. Qb2 Qg3+ 38. Kh1 g5 39. Qb1+ Kg7 40. Qb2+ Rc3 41. Re2 Kh7 42. Qb1+ Qd3 43. Qxd3+ Rxd3 44. Re7 a5 45. Rxf7+ Kg6 46. Ra7 Ra3 47. Kg1 Ra4 48. Kf1 Rxc4 49. Rxa5 Rc1+ 50. Ke2 c4 51. Rc5 c3 52. Kd3 Rg1 53. Rxc3 Rxg2 54. Ke4 g4 55. Kf4 Kh5 56. Rc5+ Kh4 57. hxg4 Rxg4+ 58. Kf3 Rg7 59. Rc1 Kg5 60. Rg1+ Kf6 61. Rxg7 1/2-1/2